[路線図付き]台湾鉄道の駅 - Statistics

General Stats
  • This quiz has been taken 29 times
  • The average score is 56 of 239
Answers on the Map
Answers color-coded by a green-red scale on the quiz's map according to % correct below.
 
Answer Stats
No. Answer % Correct
1000 臺北
96%
1080 桃園
92%
3300 臺中
92%
4220 臺南
92%
4400 高雄
92%
1020 板橋
79%
6000 臺東
67%
0990 松山
63%
0900 基隆
58%
4350 左營
58%
1210 新竹
54%
4340 新左營
54%
7000 花蓮
54%
0980 南港
46%
3160 苗栗
46%
4310 岡山
46%
7332 十分
46%
0960 汐止
42%
3330 烏日
42%
3340 新烏日
42%
4080 嘉義
42%
4420 科工館
42%
7360 瑞芳
42%
1040 樹林
38%
3360 彰化
38%
3420 田中
38%
4410 民族
38%
5000 屏東
38%
7190 宜蘭
38%
1100 中壢
33%
2260 追分
33%
3434 集集
33%
5050 潮州
33%
5120 枋寮
33%
6070 池上
33%
7120 蘇澳
33%
7335 平溪
33%
0930 七堵
29%
0940 百福
29%
1190 北新竹
29%
1250 竹南
29%
3390 員林
29%
4370 美術館
29%
4440 鳳山
29%
7130 蘇澳新
29%
7361 海科館
29%
0920 八堵
25%
0970 汐科
25%
1010 萬華
25%
1050 南樹林
25%
1070 鶯歌
25%
1193 竹中
25%
1207 富貴
25%
1208 內灣
25%
2220 清水
25%
3230 豐原
25%
3430 二水
25%
3435 水里
25%
3470 斗六
25%
3480 斗南
25%
4120 新營
25%
4430 正義
25%
5160 枋山
25%
5230 知本
25%
6110 玉里
25%
6250 吉安
25%
7090 南澳
25%
7160 羅東
25%
7336 菁桐
25%
0910 三坑
21%
0950 五堵
21%
1060 山佳
21%
1090 內壢
21%
1120 楊梅
21%
1140 新富
21%
1150 北湖
21%
1160 湖口
21%
1170 新豐
21%
1180 竹北
21%
1194 六家
21%
1203 竹東
21%
1230 香山
21%
2170 通霄
21%
2190 日南
21%
2200 大甲
21%
2210 臺中港
21%
3180 銅鑼
21%
3220 后里
21%
3350 成功
21%
3436 車埕
21%
3450 林內
21%
4060 民雄
21%
4200 永康
21%
4250 保安
21%
4330 楠梓
21%
4380 鼓山
21%
5190 大武
21%
6080 富里
21%
6130 瑞穗
21%
6200 林榮新光
21%
6210 豐田
21%
6230 平和
21%
7030 新城
21%
7060 和平
21%
7100 東澳
21%
7230 頭城
21%
7270 大里
21%
7300 貢寮
21%
7310 雙溪
21%
7331 大華
21%
7362 八斗子
21%
7390 暖暖
21%
1030 浮洲
17%
1075 鳳鳴
17%
1110 埔心
17%
1130 富岡
17%
1191 千甲
17%
1192 新莊
17%
1201 上員
17%
1202 榮華
17%
1204 橫山
17%
1205 九讚頭
17%
1206 合興
17%
1220 三姓橋
17%
1240 崎頂
17%
2110 談文
17%
2120 大山
17%
2130 後龍
17%
2150 白沙屯
17%
2160 新埔
17%
2180 苑裡
17%
2230 沙鹿
17%
2240 龍井
17%
2250 大肚
17%
3140 造橋
17%
3150 豐富
17%
3170 南勢
17%
3190 三義
17%
3210 泰安
17%
3240 栗林
17%
3250 潭子
17%
3270 松竹
17%
3290 精武
17%
3310 五權
17%
3320 大慶
17%
3370 花壇
17%
3380 大村
17%
3400 永靖
17%
3410 社頭
17%
3432 濁水
17%
3460 石榴
17%
3490 石龜
17%
4050 大林
17%
4070 嘉北
17%
4090 水上
17%
4100 南靖
17%
4130 柳營
17%
4140 林鳳營
17%
4150 隆田
17%
4160 拔林
17%
4180 南科
17%
4190 新市
17%
4210 大橋
17%
4260 仁德
17%
4270 中洲
17%
4272 沙崙
17%
4290 大湖
17%
4300 路竹
17%
4320 橋頭
17%
4360 內惟
17%
4390 三塊厝
17%
4460 九曲堂
17%
4470 六塊厝
17%
5020 麟洛
17%
5070 南州
17%
5100 佳冬
17%
5110 東海
17%
5130 加祿
17%
5140 內獅
17%
5210 金崙
17%
5220 太麻里
17%
5240 康樂
17%
6020 鹿野
17%
6030 瑞源
17%
6050 關山
17%
6060 海端
17%
6090 東竹
17%
6100 東里
17%
6120 三民
17%
6140 富源
17%
6160 光復
17%
6180 鳳林
17%
6190 南平
17%
6220 壽豐
17%
6240 志學
17%
7010 北埔
17%
7020 景美
17%
7050 和仁
17%
7070 漢本
17%
7110 永樂
17%
7150 冬山
17%
7170 中里
17%
7180 二結
17%
7200 四城
17%
7210 礁溪
17%
7260 大溪
17%
7280 石城
17%
7290 福隆
17%
7320 牡丹
17%
7330 三貂嶺
17%
7333 望古
17%
7334 嶺腳
17%
7350 猴硐
17%
7380 四腳亭
17%
2140 龍港
13%
3280 太原
13%
3431 源泉
13%
3433 龍泉
13%
4110 後壁
13%
4170 善化
13%
4271 長榮大學
13%
4450 後庄
13%
5010 歸來
13%
5030 西勢
13%
5040 竹田
13%
5060 崁頂
13%
5080 鎮安
13%
5090 林邊
13%
6010 山里
13%
6040 瑞和
13%
6150 大富
13%
6170 萬榮
13%
7040 崇德
13%
7080 武塔
13%
7220 頂埔
13%
7240 外澳
13%
7250 龜山
13%
3260 頭家厝
8%
5200 瀧溪
8%
No matching quizzes found
Score Distribution
Percent of People with Each Score
Percentile by Number Answered
Your Score History
You have not taken this quiz